Štrukturálne vektorovo autoregresné modely

Štrukturálne vektorovo autoregresné modely a rozličné spôsoby ich identifikácie.

Salvato in:
Dettagli Bibliografici
Autore principale: Lukáčik, Martin, 1974-
Natura: Capitolo di libro
Lingua:slovacco
Soggetti:
Tags: Aggiungi Tag
Nessun Tag, puoi essere il primo ad aggiungerne!!

MARC

LEADER 00000naa a2200000 4500
001 0165488
005 20240502072902.1
041 0 |a slo 
044 |a SK 
245 1 0 |a Štrukturálne vektorovo autoregresné modely  |c Martin Lukáčik 
520 |a Štrukturálne vektorovo autoregresné modely a rozličné spôsoby ich identifikácie. 
610 2 0 |a výskum operačný 
610 2 0 |a modely analytické ekonometrické 
610 2 0 |a modely regresné 
610 2 0 |a Slovensko 
100 1 |a Lukáčik, Martin, 1974-